| 000 | 01402nam a2200253Ia 4500 | ||
|---|---|---|---|
| 999 |
_c51763 _d51763 |
||
| 001 | 18755 | ||
| 003 | GE_BSU | ||
| 005 | 20210412162752.0 | ||
| 008 | 181216s2015||||ge |||||||||||||| ||geo|| | ||
| 040 | _cGE_BSU | ||
| 041 | _ageo | ||
| 080 | _a61 მ-25 | ||
| 100 |
_aმამუჩიშვილი, ნანა _911230 |
||
| 245 |
_aლეპტოსპიროზის ეპედემიოლოგია საქართველოში / _cნანა მამუჩიშვილი; მეცნ. ხელმძღვანელები ი. მჭედლიშვილი. პ. იმნაძე; თბილისის სახ-ლო სამედიცინო უნ-ტი. |
||
| 264 |
_aთბილისი : _bთბილისის სახელმწ. სამედიცინო უნ-ტის გამ-ბა, _c2015. |
||
| 300 |
_a123 გვ. _b30 სმ. |
||
| 653 | _aდისერტაცია | ||
| 653 | _aლეპტოსპიროზის ეპედემიოლოგია საქართველოში | ||
| 653 | _aმედიცინა | ||
| 700 |
_aმჭედლიშვილი, ი. _eმეცნ. ხელმძღვანელი _94853 |
||
| 700 |
_aიმნაძე, პ. _eმეცნ. ხელმძღვანელი _911231 |
||
| 710 |
_aთსუ _911232 |
||
| 942 |
_cBK _2udc |
||